| 000 | 00784nam a2200229 a 4500 | ||
|---|---|---|---|
| 003 | PILC | ||
| 005 | 20150921100728.0 | ||
| 008 | |||
| 020 | _a9789715849371 | ||
| 050 | 0 | 0 |
_aDS 668 _b.Ag3 2010 |
| 100 | 1 |
_aAgoncillo, Teodoro A., _d1913-1985. |
|
| 245 | 1 | 0 |
_aPhilippine history / _cTeodoro A. Agoncillo, Fe B. Mangahas. |
| 250 | _aExpanded and updated edition. | ||
| 260 |
_aQuezon City : _bC & E Pub., _c2010. |
||
| 300 |
_axi, 298 pages : _billustrations ; _c26 cm. |
||
| 500 | _aPreviouly published as: Introduction to Filipino history. | ||
| 651 |
_aPhilippines _xHistory _y1521-1898. |
||
| 651 |
_aPhilippines _xHistory _y1898- |
||
| 700 | 1 | _aMangahas, Fe B. | |
| 740 | 0 | _aIntroduction to Filipino history. | |
| 942 |
_2lcc _cBK _kFIL |
||
| 999 |
_c275967 _d275967 |
||